| 000 | 00480cam a2200181 a 4500 | ||
|---|---|---|---|
| 001 | 1162639 | ||
| 005 | 20171214073855.0 | ||
| 008 | 960531s1997 miua b 001 0 eng | ||
| 010 | _a 96023915 | ||
| 020 | _a0787601543 (alk. paper) | ||
| 040 |
_aDLC _cDLC _dDLC |
||
| 041 | _aeng | ||
| 080 | _a305.409 BRA | ||
| 082 | 0 | 0 |
_a305.409 BRA _220 |
| 100 | _a50 | ||
| 101 | _aSOC | ||
| 245 | 0 | 0 | _aChronology of women worldwide : |
| 999 |
_c38939 _d38939 |
||